000 00508nam a2200181 i 4500
001 149738
003 ES-MaACL
005 20230906203232.0
007 t|
008 071024s1972 sp ||||1| spa d
100 1 _aVaughan, Paul.
_9113315
245 1 3 _aLa píldora a juicio /
_cPaul Vaughan ; [traducción: Carlos Casas].
250 _a[1ª ed.].
260 _aBarcelona :
_bNoguer,
_c[1972]
300 _a223 p. ;
_c22 cm.
700 1 _aCasas, Carlos.
_936188
852 _aES-MaACL
_jC-45218
_bR.80780
999 _c149738
_d149738